Ḥadīqat al-udabāʼ. (Record no. 46012)

MARC details
000 -LEADER
fixed length control field 00535cam a22002171 4500
001 - CONTROL NUMBER
control field ne 63001256
003 - CONTROL NUMBER IDENTIFIER
control field DLC
005 - DATE AND TIME OF LATEST TRANSACTION
control field 20260227111747.0
008 - FIXED-LENGTH DATA ELEMENTS--GENERAL INFORMATION
fixed length control field 881028s1962 xx f 000 0 ara
010 ## - LIBRARY OF CONGRESS CONTROL NUMBER
LC control number ne 63001256
035 ## - SYSTEM CONTROL NUMBER
System control number (OCoLC)23509654
040 ## - CATALOGING SOURCE
Original cataloging agency DLC
Transcribing agency MiU
Modifying agency DLC
043 ## - GEOGRAPHIC AREA CODE
Geographic area code f-ua---
050 00 - LIBRARY OF CONGRESS CALL NUMBER
Classification number PJ8204
Item number .T3
100 1# - MAIN ENTRY--PERSONAL NAME
Personal name Ṭanāḥī, Ṭāhir.
245 10 - TITLE STATEMENT
Title Ḥadīqat al-udabāʼ.
260 ## - PUBLICATION, DISTRIBUTION, ETC.
Date of publication, distribution, etc. [1962?]
300 ## - PHYSICAL DESCRIPTION
Extent 196 p.
Other physical details col. plates.
Dimensions 24 cm.
500 ## - GENERAL NOTE
General note Romanized.
650 #0 - SUBJECT ADDED ENTRY--TOPICAL TERM
Topical term or geographic name entry element Authors, Arab
Geographic subdivision Egypt.

No items available.

Powered by Koha